|
|
|
|
| LEADER |
00000caa a2200000 c 4500 |
| 001 |
1525814613 |
| 003 |
DE-627 |
| 005 |
20250922211010.0 |
| 007 |
tu |
| 008 |
160223s2004 xx ||||| s 00| ||ger c |
| 020 |
|
|
|a 3935979363
|
| 035 |
|
|
|a (DE-627)1525814613
|
| 035 |
|
|
|a (DE-576)455814619
|
| 035 |
|
|
|a (DE-599)BSZ455814619
|
| 040 |
|
|
|a DE-627
|b ger
|c DE-627
|e rakwb
|
| 041 |
|
|
|a ger
|
| 245 |
0 |
0 |
|a Modellprojekt zur Implementierung eines Kompetenzzentrums für Gewaltopfer in Hamburg
|c Dragana Seifert, Barbara Franke, Axel Heinemann, Klaus Püschel, Wilm Mudrack
|
| 264 |
|
1 |
|c 2004
|
| 300 |
|
|
|b graph. Darst.
|
| 336 |
|
|
|a Text
|b txt
|2 rdacontent
|
| 337 |
|
|
|a ohne Hilfsmittel zu benutzen
|b n
|2 rdamedia
|
| 338 |
|
|
|a Band
|b nc
|2 rdacarrier
|
| 655 |
|
7 |
|a Statistik
|0 (DE-588)4056995-0
|0 (DE-627)106152955
|0 (DE-576)209119799
|2 gnd-content
|
| 700 |
1 |
|
|a Seifert, Dragana
|0 (DE-588)1027560539
|0 (DE-627)729369943
|0 (DE-576)373354193
|4 oth
|
| 700 |
1 |
|
|a Franke, Barbara
|0 (DE-588)1151976598
|0 (DE-627)1012818845
|0 (DE-576)498612031
|4 oth
|
| 700 |
1 |
|
|a Heinemann, Axel
|d 1966-
|0 (DE-588)120104261
|0 (DE-627)080449069
|0 (DE-576)292043902
|4 oth
|
| 700 |
1 |
|
|a Püschel, Klaus
|d 1952-
|0 (DE-588)109222415
|0 (DE-627)59482530X
|0 (DE-576)304826642
|4 oth
|
| 700 |
1 |
|
|a Mudrack, Wilm
|4 oth
|
| 773 |
0 |
8 |
|i In
|t Stalking
|d Frankfurt am Main : Verl. für Polizeiwissenschaft, 2004
|g (2004), Seite 235-250
|h VI, 304 S
|w (DE-627)379626241
|w (DE-576)110508270
|z 3935979363
|7 nnam
|
| 773 |
1 |
8 |
|g year:2004
|g pages:235-250
|
| 889 |
|
|
|w (DE-627)501364587
|
| 935 |
|
|
|a mkri
|
| 935 |
|
|
|i mdedup
|
| 951 |
|
|
|a AR
|
| ELC |
|
|
|b 1
|
| LOK |
|
|
|0 000 xxxxxcx a22 zn 4500
|
| LOK |
|
|
|0 001 289927032X
|
| LOK |
|
|
|0 003 DE-627
|
| LOK |
|
|
|0 004 1525814613
|
| LOK |
|
|
|0 005 20260216125350
|
| LOK |
|
|
|0 008 160208||||||||||||||||ger|||||||
|
| LOK |
|
|
|0 040
|a DE-21-110
|c DE-627
|d DE-21-110
|
| LOK |
|
|
|0 689
|a s
|a Gewaltopfer
|
| LOK |
|
|
|0 852
|a DE-21-110
|
| LOK |
|
|
|0 852 1
|m p
|9 00
|
| LOK |
|
|
|0 935
|a k110
|
| LOK |
|
|
|0 938
|k p
|
| LOK |
|
|
|0 939
|a 08-02-16
|b l01
|
| ORI |
|
|
|a WA-MARC-krimdoka001.raw
|